000 00311nam a22001337a 4500
008 170130b xxu||||| |||| 00| 0 eng d
020 _a9780763756819
041 _aeng
080 _22ND
_a61
100 _a3
101 _aSHMI
245 _aESSENTIALS OF PUBLIC HEALTH MANAGEMETN
_cFALLON. L.F
942 _2udc
_cBK
999 _c4001
_d4001